Účtovanie finančného príspevku na úhradu časti mzdy zamestnanca materskej školy

Článok sa venuje problematike účtovania finančného príspevku na úhradu časti mzdy zamestnanca materskej školy z projektu na podporu udržania zamestnanosti materských škôl podľa opatrenia Ministerstva financií SR z 8. augusta 2007 č.MF/16786/2007-31, ktorým sa ustanovujú podrobnosti o postupoch účtov...

Full description

Saved in:
Bibliographic Details
Main Author: Urbanová, Terézia
Format: Book Chapter
Language:Slovak
Subjects:
Tags: Add Tag
No Tags, Be the first to tag this record!

MARC

LEADER 00000naa a2200000 4500
001 0270315
005 20201201114028.2
041 0 |a slo 
044 |a SK 
245 1 0 |a Účtovanie finančného príspevku na úhradu časti mzdy zamestnanca materskej školy  |c Terézia Urbanová 
520 |a Článok sa venuje problematike účtovania finančného príspevku na úhradu časti mzdy zamestnanca materskej školy z projektu na podporu udržania zamestnanosti materských škôl podľa opatrenia Ministerstva financií SR z 8. augusta 2007 č.MF/16786/2007-31, ktorým sa ustanovujú podrobnosti o postupoch účtovania a rámcovej účtovej osnove pre rozpočtové organizácie, príspevkové organizácie, štátne fondy, obce a vyššie územné celky v znp. a podľa zákona §54 ods.1 zákona č.5/2004 Z.z. o službách zamestnanosti a o zmene a doplnení niektorých zákonov v znp. 
610 2 0 |a školy 
610 2 0 |a deti 
610 2 0 |a príspevky štátne 
610 2 0 |a podpora zamestnanosti 
610 2 0 |a opatrenia 
610 2 0 |a zákony 
100 1 |a Urbanová, Terézia